Rozpoznaj rasę bydła - krowy - zwierzęta - Technik weterynarii - Statystyki

Ogólne statystyki
  • Ten quiz został rozwiązany 535 razy
  • Średni wynik to 7 z 15
Statystyki odpowiedzi
Hint Odpowiedź % Poprawnych
Rasa mleczna, małej wielkości, przyjazna o beżowym umaszczeniu Jersey
80%
Bydło pochodzące z okolic Belgii, Holandii, o łaciatym umaszczeniu, daje nawet 40 litrów mleka dziennie w laktacji Holsztyńsko-fryzyjska
66%
Rasa szwajcarskiego bydła kombinowanego występująca w dwóch liniach- mięsnej i mlecznej Simental
65%
Puchata rasa o czerwonym umaszczeniu i rogach mających w rozstawie nawet 2.metry Highland
64%
Rasa bydła mięsnego o czerwonym umaszczeniu z jasną obwódką wokół śluzawicy Limousine
64%
Polska rasa zachowawcza, czerwona lub czarna z białym grzbietem Białogrzbieta
63%
Polska rasa zachowawcza, prymitywna i małej wielkości. Typ mleczno-mięsny Polska czerwona
58%
Rasa bydła mięsnego o krótkich konczynach I długim tułowiu Hereford
55%
Polska rasa zachowawcza, wytworzona przy udziale bydła Holsztyńsko-fryzyjskiego Polska czarno-biała
46%
Włoska rasa mięsna służąca do produkcji parmezanu Piemontese
45%
Francuska rasa mięsna o kremowym umaszczeniu Charollaise
42%
Francuska rasa mięsno-mleczna, zdobywająca w Polsce coraz większą popularność Montbeliarde
10%
Bydło miniaturowe Dexter
8%
Górska rasa bydła mlecznego, dająca najwięcej tłuszczu w mleku Brunatna szwajcarska
5%
Garbata rasa bydła, o długich uszach i łękowatym grzbiecie z wyraźnym kłębem Brahman
3%
Nie znaleziono quizów pasujących do podanych kryteriów
Rozkład punktacji
Procent ludzi z każdym wynikiem
Percentyl według liczby udzielonych odpowiedzi
Twoja historia wyników
Nie rozwiązałeś tego quizu